Ingeniería industrial: métodos, estándares y diseño del trabajo

Shranjeno v:
Bibliografske podrobnosti
Main Authors: Niebel, Benjamin W. (autor), Freivalds, Andris (Author)
Format: Knjiga
Jezik:španščina
Izdano: Ciudad de México Alfaomega 2004
Teme:
Oznake: Označite
Brez oznak, prvi označite!

MARC

LEADER 00000nam a2200000 a 4500
001 UCI9918
003 CL-VaPUC
008 081218e20040000MX |||||||||||||||||spa|d
020 |a 9701509935 
082 0 4 |a 658.5  |b NIE  |2 21 
100 |a Niebel, Benjamin W.  |e autor  |9 300872 
700 0 |a Freivalds, Andris  |e author  |9 533972 
245 1 0 |a Ingeniería industrial: métodos, estándares y diseño del trabajo 
300 |a 745 p 
942 |c BK 
945 |d 20081218 00:00:00  |a rbrito 
260 |a Ciudad de México  |b Alfaomega  |c 2004 
500 |a Incluye CD 
650 0 |a Producción  |x Planificación  |9 260672 
650 0 |a Ingeniería industrial   |9 260973 
650 0 |a Gestión de la producción   |9 259467 
650 0 |a Recursos humanos   |9 228420 
650 0 |a Control de calidad   |9 259714 
583 |a last modification  |c 20081218 00:00:00  |k Rodrigo Vera 
999 |c 332364  |d 332362 
952 |0 0  |1 0  |4 0  |6 658_500000000000000_NIE_2004  |7 0  |8 A  |9 419995  |a BIBMEC  |b BIBMEC  |d 2019-11-22  |i 4507061  |o 658.5 NIE 2004  |p 4507061  |r 2024-01-19  |w 2019-11-22  |y BK  |k MEC 
952 |0 0  |1 0  |4 0  |6 658_500000000000000_NIE_2004  |7 0  |8 A  |9 419996  |a BIBMEC  |b BIBMEC  |d 2019-11-22  |i 4737830  |o 658.5 NIE 2004  |p 4737830  |r 2024-01-19  |w 2019-11-22  |y BK  |k MEC 
952 |0 0  |1 0  |4 0  |6 658_500000000000000_NIE_2004  |7 0  |8 A  |9 419997  |a BIBMEC  |b BIBMEC  |d 2019-11-22  |i 4745957  |o 658.5 NIE 2004  |p 4745957  |r 2024-01-19  |w 2019-11-22  |y BK  |k MEC